<?xml version="1.0" encoding="UTF-8"?>
<marc:record xmlns:marc="http://www.loc.gov/MARC21/slim">
   <marc:leader>00000nam a2200000 a 4500</marc:leader>
   <marc:datafield ind1="1" ind2=" " tag="100">
      <marc:subfield code="a">Bassett, Angela</marc:subfield>
   </marc:datafield>
   <marc:datafield ind1="1" ind2=" " tag="100">
      <marc:subfield code="a">Quinn, Aidan</marc:subfield>
   </marc:datafield>
   <marc:datafield ind1="1" ind2=" " tag="100">
      <marc:subfield code="a">Streep, Meryl</marc:subfield>
   </marc:datafield>
   <marc:datafield ind1="1" ind2=" " tag="100">
      <marc:subfield code="a">Craven, Wes</marc:subfield>
   </marc:datafield>
   <marc:datafield ind1="0" ind2="0" tag="245">
      <marc:subfield code="a">Music of the Heart [Bildtonträger]</marc:subfield>
   </marc:datafield>
   <marc:datafield ind1="0" ind2="0" tag="245">
      <marc:subfield code="c">Regie: Wes Craven. Mit Meryl Streep, Aidan Quinn, Angela Bassett ...</marc:subfield>
   </marc:datafield>
   <marc:datafield ind1=" " ind2="1" tag="264">
      <marc:subfield code="b">STUDIOCANAL</marc:subfield>
      <marc:subfield code="c">2009</marc:subfield>
   </marc:datafield>
   <marc:datafield ind1="1" ind2=" " tag="520">
      <marc:subfield code="a">In einer Schule in einem der verrufensten Viertel von New York versucht Roberta Guaspari, Kindern die Schönheit des Geigenspiels näher zu bringen. Von Lehrern, Eltern und Kindern zuerst skeptisch beäugt und von Behörden torpediert, entwickelt sich ihr East Harlem Violin Programm rasch zu einer Institution. Schüler lernen hier nicht nur das Instrument spielen, sonder noch etwas viel Wichtigeres: Dass man im Leben viele Träume verwirklichen kann, wenn man nur will...</marc:subfield>
   </marc:datafield>
   <marc:datafield ind1=" " ind2=" " tag="020">
      <marc:subfield code="a">4006680017983</marc:subfield>
      <marc:subfield code="9">4006680017983</marc:subfield>
   </marc:datafield>
   <marc:datafield ind1=" " ind2=" " tag="500">
      <marc:subfield code="a">Orig. : 1999. Sprache: Deutsch (Dolby Digital 5.1), Englisch (Dolby Digital 5.1). Untertitel: Deutsch</marc:subfield>
   </marc:datafield>
   <marc:datafield ind1="0" ind2=" " tag="490">
      <marc:subfield code="v">0</marc:subfield>
   </marc:datafield>
   <marc:datafield ind1=" " ind2=" " tag="300">
      <marc:subfield code="a">1 DVD (118 Min.) : farbig</marc:subfield>
   </marc:datafield>
</marc:record>
